[Event "Naantali Avoin op"]
[Site "Naantali"]
[Date "2018.07.03"]
[Round "3"]
[White "Louhi, Tapio"]
[Black "Norlamo, Sarabella"]
[Result "0-1"]
[WhiteElo "1645"]
[BlackElo "1839"]
[PlyCount "104"]
[EventDate "2018.07.02"]
[EventType "swiss"]
[EventRounds "9"]
[EventCountry "FIN"]
[SourceTitle "EXT 2019"]
[Source "ChessBase"]
[SourceDate "2018.10.10"]
[SourceVersion "1"]
[SourceVersionDate "2018.10.10"]
[SourceQuality "1"]

1. e4 e5 2. Nf3 Nc6 3. Bc4 Nf6 4. Ng5 d5 5. exd5 b5 6. Bxb5 Qxd5 7. Bxc6+ Qxc6 8. 0-0 h6 9. Qf3 e4 10. Nxe4 Qxe4 11. Qxe4+ Nxe4 12. Re1 Bb7 13. Nc3 0-0-0 14. Nxe4 Re8 15. d3 f5 16. f3 fxe4 17. fxe4 Bc5+ 18. Be3 Bxe3+ 19. Rxe3 c5 20. c4 Rhf8 21. a3 Kc7 22. b4 Kd6 23. bxc5+ Kxc5 24. Rb1 Bc6 25. h4 Re7 26. Rf1 Ref7 27. Rxf7 Rxf7 28. e5 Kd4 29. e6 Rf1+ 30. Kxf1 Kxe3 31. g4 Kxd3 32. Kf2 Kxc4 33. Ke3 Kd5 34. e7 Ke6 35. Kf4 Be8 36. g5 h5 37. Ke4 Kxe7 38. Kf5 g6+ 39. Ke5 Bf7 40. Ke4 Ke6 41. Kf4 Kd5 42. Kf3 Be6 43. Kf4 Bf5 44. Ke3 Kc4 45. Ke2 Kb3 46. Kd2 Kxa3 47. Kc3 Ka2 48. Kb4 Kb2 49. Kc4 Kc2 50. Kd4 Kb3 51. Ke3 a5 52. Kd2 Kb2 0-1

[Event "Naantali Avoin op"]
[Site "Naantali"]
[Date "2017.07.07"]
[Round "7"]
[White "Louhi, Tapio"]
[Black "Torvi, Markku"]
[Result "1-0"]
[WhiteElo "1608"]
[BlackElo "1730"]
[PlyCount "73"]
[EventDate "2017.07.03"]
[EventType "swiss"]
[EventRounds "7"]
[EventCountry "FIN"]
[SourceTitle "EXT 2018"]
[Source "ChessBase"]
[SourceDate "2017.10.13"]
[SourceVersion "1"]
[SourceVersionDate "2017.10.13"]
[SourceQuality "1"]

1. Nf3 e6 2. c4 f5 3. Nc3 Nf6 4. d4 d6 5. Bg5 Be7 6. e3 Nbd7 7. Be2 c6 8. Qb3 c5 9. Bxf6 Bxf6 10. d5 e5 11. e4 Nb6 12. 0-0-0 Bd7 13. Nb5 Be7 14. Nxe5 a6 15. Nxd7 Qxd7 16. Nc3 Nc8 17. Qa4 fxe4 18. Qxd7+ Kxd7 19. Nxe4 Na7 20. Bg4+ Kc7 21. Rhe1 Rhe8 22. Kc2 b5 23. Nxc5 bxc4 24. Ne6+ Kb6 25. Nxg7 Rf8 26. Rxe7 Rxf2+ 27. Rd2 Rf4 28. Bf3 Nb5 29. Ne6 Rh4 30. h3 a5 31. Ng5 c3 32. bxc3 Rc4 33. Ne4 Rac8 34. Rxh7 Na3+ 35. Kd3 Nb5 36. Rb2 Ka6 37. Rxb5 1-0

[Event "Naantali Avoin op"]
[Site "Naantali"]
[Date "2017.07.06"]
[Round "5"]
[White "Ailasmaa, Kimmo"]
[Black "Louhi, Tapio"]
[Result "1-0"]
[WhiteElo "1795"]
[BlackElo "1608"]
[PlyCount "51"]
[EventDate "2017.07.03"]
[EventType "swiss"]
[EventRounds "7"]
[EventCountry "FIN"]
[SourceTitle "EXT 2018"]
[Source "ChessBase"]
[SourceDate "2017.10.13"]
[SourceVersion "1"]
[SourceVersionDate "2017.10.13"]
[SourceQuality "1"]

1. e4 e5 2. Nf3 Nf6 3. Nxe5 d6 4. Nf3 Nxe4 5. d4 Be7 6. Bd3 Bf5 7. 0-0 0-0 8. d5 Nd7 9. Re1 Ndc5 10. Bf1 Bf6 11. Nd4 Qd7 12. Na3 a6 13. Nc4 Rfe8 14. Be3 b5 15. Nd2 Nxd2 16. Qxd2 Be4 17. c4 bxc4 18. Bxc4 Bxd4 19. Bxd4 Qg4 20. Bf1 Bxd5 21. Bxc5 Rxe1 22. Rxe1 Bxa2 23. Qe3 h5 24. Bd3 Qd7 25. Qe4 Rd8 26. Qh7+ 1-0

[Event "Naantali Avoin op"]
[Site "Naantali"]
[Date "2016.07.04"]
[Round "1"]
[White "Patola, Eero"]
[Black "Louhi, Tapio"]
[Result "1/2-1/2"]
[WhiteElo "1901"]
[BlackElo "1665"]
[PlyCount "70"]
[EventDate "2016.07.04"]
[EventType "swiss"]
[EventRounds "9"]
[EventCountry "FIN"]
[SourceTitle "EXT 2017"]
[Source "ChessBase"]
[SourceDate "2016.10.25"]
[SourceVersion "1"]
[SourceVersionDate "2016.10.25"]
[SourceQuality "1"]

1. c4 e5 2. Nc3 Nf6 3. e4 c6 4. Nf3 Qc7 5. a3 Bc5 6. b4 Bd4 7. Qc2 c5 8. b5 0-0 9. Bb2 d6 10. h3 b6 11. Bd3 a6 12. a4 axb5 13. axb5 Rxa1+ 14. Bxa1 Be6 15. 0-0 Nh5 16. Ne2 Qd7 17. Nfxd4 cxd4 18. f4 Bxh3 19. f5 Bg4 20. Kf2 Bxe2 21. Bxe2 Nf4 22. d3 Nxe2 23. Qxe2 Qe7 24. Qg4 Nd7 25. Bb2 Ra8 26. Kg1 Nf6 27. Qh4 Nd5 28. Qxe7 Nxe7 29. Ra1 Rxa1+ 30. Bxa1 f6 31. Bb2 Kf7 32. Ba3 Nc8 33. Kf2 h5 34. Kg3 g5 35. Bb4 Ke7 1/2-1/2

[Event "Naantali op"]
[Site "Naantali"]
[Date "2015.06.30"]
[Round "2"]
[White "Smeds, Tom"]
[Black "Louhi, Tapio"]
[Result "1-0"]
[WhiteElo "1859"]
[BlackElo "1770"]
[PlyCount "53"]
[EventDate "2015.06.29"]
[EventType "swiss"]
[EventRounds "9"]
[EventCountry "FIN"]
[SourceTitle "EXT 2016"]
[Source "ChessBase"]
[SourceDate "2015.10.08"]
[SourceVersion "1"]
[SourceVersionDate "2015.10.08"]
[SourceQuality "1"]

1. b3 e5 2. Bb2 Nc6 3. e3 d5 4. Bb5 e4 5. f4 exf3 6. Nxf3 Nf6 7. 0-0 a6 8. Bxc6+ bxc6 9. Ne5 Bb7 10. d3 Be7 11. Nd2 0-0 12. Qe2 c5 13. Ndf3 h6 14. Nh4 d4 15. Nf5 dxe3 16. Qxe3 Nd5 17. Qg3 Bg5 18. h4 Bf6 19. Nxh6+ Kh7 20. Nf5 g6 21. Rae1 gxf5 22. Rxf5 Bg7 23. Nxf7 Rxf7 24. Rxf7 Kh6 25. Qxg7+ Kh5 26. Qh7+ Kg4 27. Qg6+ 1-0

[Event "FIN-ch op"]
[Site "Naantali"]
[Date "2013.07.01"]
[Round "1"]
[White "Kaveniemi, Kari"]
[Black "Louhi, Tapio"]
[Result "0-1"]
[WhiteElo "1996"]
[BlackElo "1586"]
[PlyCount "86"]
[EventDate "2013.07.01"]
[EventType "swiss"]
[EventRounds "9"]
[EventCountry "FIN"]
[SourceTitle "EXT 2014"]
[Source "ChessBase"]
[SourceDate "2013.11.20"]
[SourceVersion "1"]
[SourceVersionDate "2013.11.20"]
[SourceQuality "1"]

1. e4 e5 2. Nf3 Nc6 3. Bb5 a6 4. Ba4 Nf6 5. 0-0 d6 6. Re1 Be7 7. c3 0-0 8. h3 b5 9. Bc2 d5 10. Qe2 d4 11. d3 Bc5 12. Nbd2 Re8 13. Nh2 b4 14. Ba4 Bb7 15. c4 Re6 16. Ndf1 Nd7 17. Ng3 Nb6 18. Bd1 Rg6 19. Qf1 Ne7 20. Bh5 Rc6 21. Bg5 f6 22. Bd2 a5 23. f4 Nd7 24. f5 a4 25. Qf2 Nb6 26. Be2 Nxc4 27. dxc4 d3 28. Be3 Bxe3 29. Qxe3 dxe2 30. Qxe2 Qd4+ 31. Kh1 Qxc4 32. Qg4 Qf7 33. Rac1 Qxa2 34. Nh5 Qf7 35. Nf3 Rxc1 36. Rxc1 c6 37. Rd1 a3 38. bxa3 bxa3 39. Nxe5 fxe5 40. f6 a2 41. fxe7 Qxe7 42. Rd7 a1Q+ 43. Kh2 Qaa3 0-1